书目信息 |
| 题名: |
跟我学AutoCAD 2000工程制图三维造型技巧与实例
|
|
| 作者: | 刘庆红 主编 | |
| 分册: | ||
| 出版信息: | 北京 冶金工业出版社 1999.09 |
|
| 页数: | 312页 | |
| 开本: | 16开 | |
| 丛书名: | ||
| 单 册: | ||
| 中图分类: | TP391.72 | |
| 科图分类: | ||
| 主题词: | 计算机应用 | |
| 电子资源: | ||
| ISBN: | 7-5024-2455-5 | |
| 000 | 00637nam0 2200193 45 | |
| 001 | 0010221638 | |
| 005 | 20001022165100.7 | |
| 010 | @a7-5024-2455-5@d26.80元 | |
| 100 | @a20001022d1999 km y0chiy0120 ea | |
| 101 | 0 | @achi |
| 105 | @a z 000yy | |
| 200 | 1 | @a跟我学AutoCAD 2000工程制图三维造型技巧与实例@AGen Wo Xue AutoCAD 2000 Gong Cheng Zhi Tu San Wei Zao Xing Ji Qiao Yu Shi Li@f刘庆红主编@FLiu Qing Hong Zhu Bian |
| 210 | @a北京@c冶金工业出版社@d1999.09 | |
| 215 | @a312页@d16开 | |
| 606 | 0 | @a计算机应用 |
| 690 | @aTP391.72@v3 | |
| 701 | 0 | @a刘庆红@4主编 |
| 801 | @aCN@bPftUser@c20001022 | |
| 905 | @b182837-841@dTP391.72@eL328@f5 | |
| 跟我学AutoCAD 2000工程制图三维造型技巧与实例/刘庆红主编.-北京:冶金工业出版社,1999.09 |
| 312页;16开 |
| ISBN 7-5024-2455-5:26.80元 |
| ● |
| 相关链接 |
|
|
|
正题名:跟我学AutoCAD 2000工程制图三维造型技巧与
索取号:TP391.72/L328
 
预约/预借
| 序号 | 登录号 | 条形码 | 馆藏地/架位号 | 状态 | 备注 |
| 1 | 182837 | 201828371 | 期刊室512/301自科库 68排6列3层/ [索取号:TP391.72/L328] | 在馆 | |
| 2 | 182838 | 201828380 | 自科库301/ [索取号:TP391.72/L328] | 在馆 | |
| 3 | 182839 | 201828399 | 自科库301/ [索取号:TP391.72/L328] | 在馆 | |
| 4 | 182840 | 201828406 | 自科库301/ [索取号:TP391.72/L328] | 在馆 | |
| 5 | 182841 | 201828415 | 自科库301/ [索取号:TP391.72/L328] | 在馆 |